000 00313nam a22001337a 4500
999 _c4296
_d4296
008 200730b ||||| |||| 00| 0 eng d
110 _aH. M.S.O
_9233
245 1 0 _aRegister for ships
_cby HMSO
260 _aLOndon
_bHMSO
_c1940
300 _a100 p.
365 _d2.04
650 0 _aRegister for ships
942 _cBK